| 000 | 00000nam##2200000za#4500 |
| 001 | 9.642741 |
| 003 | CaOODSP |
| 005 | 20210624223840 |
| 007 | cr ||||||||||| |
| 008 | 150407|2007||||xxc|||||o f|0| 0 fre|d |
| 040 | |aCaOODSP|bfre |
| 043 | |an-cn--- |
| 086 | 1 |aCW66-363/2007F-PDF |
| 110 | 2 |aService canadien de la faune. |
| 245 | 10|aLes éoliennes et les oiseaux : |h[ressource électronique]|bdocument d'orientation sur les évaluations environnementales |
| 260 | |aGatineau - Québec : |bEnvironnement Canada. |cAvril 2007. |
| 300 | |a58p.|bfigures, références, tableaux |
| 590 | |a14-01-Supp|b2014-01-07 |
| 691 | 07|aOiseau|2gcpds |
| 691 | 07|aÉnergie éolienne|2gcpds |
| 691 | 07|aOiseau migrateur|2gcpds |
| 775 | 08|tWind turbines and birds : |w(CaOODSP)9.698741 |
| 856 | 40|ahttp://publications.gc.ca|qPDF|s721 Ko|uhttps://publications.gc.ca/collections/collection_2013/ec/CW66-363-2007-fra.pdf |